Woodroff & Lowe's Consumer Law and Practice / (Record no. 182)

MARC details
000 -LEADER
fixed length control field 01088cam a22003134a 4500
003 - CONTROL NUMBER IDENTIFIER
control field OSt
005 - DATE AND TIME OF LATEST TRANSACTION
control field 20171108202501.0
008 - FIXED-LENGTH DATA ELEMENTS--GENERAL INFORMATION
fixed length control field 070516s2007 enk b 001 0 eng
010 ## - LIBRARY OF CONGRESS CONTROL NUMBER
LC control number 2007534274
020 ## - INTERNATIONAL STANDARD BOOK NUMBER
International Standard Book Number 042152720X (pbk.)
040 ## - CATALOGING SOURCE
Original cataloging agency Uk
Transcribing agency Uk
Modifying agency NhCcYBP
-- DLC
043 ## - GEOGRAPHIC AREA CODE
Geographic area code e-uk---
082 04 - DEWEY DECIMAL CLASSIFICATION NUMBER
Classification number 343.071
Edition number 22
Item number WOD
100 1# - MAIN ENTRY--PERSONAL NAME
Personal name Lowe, Robert.
Dates associated with a name 1932-
9 (RLIN) 526
245 10 - TITLE STATEMENT
Title Woodroff & Lowe's Consumer Law and Practice /
Statement of responsibility, etc Geoffrey Woodroffe and Robert Lowe.
250 ## - EDITION STATEMENT
Edition statement 8th ed.
260 ## - PUBLICATION, DISTRIBUTION, ETC. (IMPRINT)
Place of publication, distribution, etc London :
Name of publisher, distributor, etc Sweet & Maxwell,
Date of publication, distribution, etc 1995.
300 ## - PHYSICAL DESCRIPTION
Extent xxxv, 469 p. ;
Dimensions 24 cm.
504 ## - BIBLIOGRAPHY, ETC. NOTE
Bibliography, etc Includes bibliographical references and index.
650 #0 - SUBJECT ADDED ENTRY--TOPICAL TERM
Topical term or geographic name as entry element Consumer protection
General subdivision Law and legislation
Geographic subdivision Great Britain.
9 (RLIN) 527
650 #0 - SUBJECT ADDED ENTRY--TOPICAL TERM
Topical term or geographic name as entry element Consumer credit
General subdivision Law and legislation
Geographic subdivision Great Britain.
9 (RLIN) 528
650 #0 - SUBJECT ADDED ENTRY--TOPICAL TERM
Topical term or geographic name as entry element Sales
Geographic subdivision Great Britain.
9 (RLIN) 529
650 #0 - SUBJECT ADDED ENTRY--TOPICAL TERM
Topical term or geographic name as entry element Warranty
Geographic subdivision Great Britain.
9 (RLIN) 530
650 #0 - SUBJECT ADDED ENTRY--TOPICAL TERM
Topical term or geographic name as entry element Competition, Unfair
Geographic subdivision Great Britain.
9 (RLIN) 531
650 #0 - SUBJECT ADDED ENTRY--TOPICAL TERM
Topical term or geographic name as entry element Retail trade
General subdivision Law and legislation
Geographic subdivision Great Britain.
9 (RLIN) 532
700 1# - ADDED ENTRY--PERSONAL NAME
Personal name Woodroffe, Geoffrey.
9 (RLIN) 533
700 1# - ADDED ENTRY--PERSONAL NAME
Personal name Lowe, Robert,
942 ## - ADDED ENTRY ELEMENTS (KOHA)
Source of classification or shelving scheme Dewey Decimal Classification
Koha item type Books
Holdings
Withdrawn status Lost status Source of classification or shelving scheme Damaged status Not for loan Home library Current library Shelving location Date acquired Total Checkouts Full call number Barcode Date last seen Price effective from Koha item type Copy number Uniform Resource Identifier Public note
    Dewey Decimal Classification     Law Development Centre Main Library Law Development Centre Main Library Text Books and Laws 04/09/2011   343.071LOW 294/010 04/09/2011 04/09/2011 Books      
    Dewey Decimal Classification     Law Development Centre Main Library Law Development Centre Main Library Text Books and Laws 04/09/2011   343.071LOW 2011//2674 04/09/2011 04/09/2011 Books      
    Dewey Decimal Classification     Law Development Centre Main Library Law Development Centre Main Library Text Books and Laws 05/24/2014   343.071 6750/2014 05/24/2014 05/24/2014 Books 1 8 Ed. reserve
    Dewey Decimal Classification     Law Development Centre Main Library Law Development Centre Main Library Text Books and Laws 05/24/2014   343.071 6747/2014 05/24/2014 05/24/2014 Books 2 8 Ed. reserve
    Dewey Decimal Classification     Law Development Centre Main Library Law Development Centre Main Library Text Books and Laws 05/24/2014   343.071 6748/2014 05/24/2014 05/24/2014 Books 3 8 Ed. reserve
    Dewey Decimal Classification     Law Development Centre Main Library Law Development Centre Main Library Text Books and Laws 05/24/2014   343.071 6749/2014 05/24/2014 05/24/2014 Books 4 8 Ed. reserve
    Dewey Decimal Classification     Law Development Centre Main Library Law Development Centre Main Library Text Books and Laws 06/24/2014   343.071 LOW 1143/2014 06/24/2014 06/24/2014 Books 5   reserve
    Dewey Decimal Classification     Law Development Centre Main Library Law Development Centre Main Library Text Books and Laws 06/24/2014   343.071 LOW 1144/2014 06/24/2014 06/24/2014 Books 6   reserve
    Dewey Decimal Classification     Law Development Centre Main Library Law Development Centre Main Library Text Books and Laws 06/24/2014   343.071 LOW 1145/2014 06/24/2014 06/24/2014 Books 7   reserve
    Dewey Decimal Classification     Law Development Centre Main Library Law Development Centre Main Library Text Books and Laws 06/24/2014   343.071 LOW 1148/2014 06/24/2014 06/24/2014 Books 8   reserve
    Dewey Decimal Classification     Law Development Centre Main Library Law Development Centre Main Library Text Books and Laws 06/24/2014   343.071 LOW 1149/2014 06/24/2014 06/24/2014 Books 9   reserve
    Dewey Decimal Classification     Law Development Centre Main Library Law Development Centre Main Library Text Books and Laws 06/24/2014   343.071 LOW 1150/2014 06/24/2014 06/24/2014 Books 10   reserve
    Dewey Decimal Classification     Law Development Centre Main Library Law Development Centre Main Library Text Books and Laws 06/24/2014   343.071 LOW 1151/2014 06/24/2014 06/24/2014 Books 11   reserve
    Dewey Decimal Classification     Law Development Centre Main Library Law Development Centre Main Library Text Books and Laws 06/24/2014   343.071 LOW 1152/2014 06/24/2014 06/24/2014 Books 12   reserve
    Dewey Decimal Classification     Law Development Centre Main Library Law Development Centre Main Library Text Books and Laws 06/24/2014   343.071 LOW 1154/2014 06/24/2014 06/24/2014 Books 13   reserve
    Dewey Decimal Classification     Law Development Centre Main Library Law Development Centre Main Library Text Books and Laws 06/24/2014   343.071 LOW 1155/2014 06/24/2014 06/24/2014 Books 14   reserve
    Dewey Decimal Classification     Law Development Centre Main Library Law Development Centre Main Library Text Books and Laws 06/24/2014   343.071 LOW 1156/2014 06/24/2014 06/24/2014 Books 15   reserve
    Dewey Decimal Classification     Law Development Centre Main Library Law Development Centre Main Library Text Books and Laws 06/24/2014   343.071 LOW 1157/2014 06/24/2014 06/24/2014 Books 16   reserve
    Dewey Decimal Classification     Law Development Centre Main Library Law Development Centre Main Library Text Books and Laws 06/24/2014   343.071 LOW 1158/2014 06/24/2014 06/24/2014 Books 17   reserve